00634nam a22001697a 4500010001300000020001100013082001200024100002400036245008900060260004600149270004700195300002700242700001800269942002600287999001900313952013200332 aB-106776 c225.00 a006.754 aStanek, William R.  aFaster smarter microsoft office frontpage 2003 /cby William R. Stanek, Greg Holden  aNew Delhi bPrentice-Hall of india c2004 bNew Delhi aM-97, connaught circuse110001 axix, 346p. b25cm(Hb). aHolden, Greg  2ddccENh006.754mSTA c156282d156282 001040708NFICaBL4bBL4d2018-08-24eBPPD/PUBg225.00l0o006.754 STApB-106776r2018-08-24 00:00:00v225.00w2018-08-24yEN